000
00261nam a2200109Ia 4500
008
240625s9999 xx 000 0 und d
041
_a
eng
082
_a
658.15224 BRE
100
_a
BREALEY RICHARD A
245
_a
PRINCIPLES OF CORPORATE FINANCE
260
_c
2007
999
_c
34546
_d
34546